Welcome to the Holygrace Academy Library

Please use search bar below to get started

READY REFERENCE ENCYCLOPEDIA (Record no. 2083)

MARC details
000 -LEADER
fixed length control field 00290nam a22001217a 4500
082 ## - DEWEY DECIMAL CLASSIFICATION NUMBER
Classification number 030
Item number BRI/R-1
100 ## - MAIN ENTRY--AUTHOR NAME
Personal name PAPPAS,THEODORE
245 ## - TITLE STATEMENT
Title READY REFERENCE ENCYCLOPEDIA
260 ## - PUBLICATION, DISTRIBUTION, ETC. (IMPRINT)
Place of publication NEW DELHI
Name of publisher ENCYCLOPAEDIA BRITANICA
300 ## - PHYSICAL DESCRIPTION
Number of Pages 252
650 ## - SUBJECT ADDED ENTRY--TOPICAL TERM
Topical Term GENERAL KNOWLEDGE
Geographic subdivision INDIA
942 ## - ADDED ENTRY ELEMENTS (KOHA)
Koha item type Books
Holdings
Withdrawn status Lost status Collection code Home library Current library Shelving location Date acquired Source of acquisition Full call number Accession Number Koha item type
    Reference Main Library Main Library SHELF 2-A SCIENCE IN OUR WORLD,FUNK7WAGNALLS ENCYCLO,,FIRST AID ,Y2K,MEDICAL 25/02/2005 PURCHASE 030 BRI/R-1 01826 Books
    Reference Main Library Main Library SHELF 2-A SCIENCE IN OUR WORLD,FUNK7WAGNALLS ENCYCLO,,FIRST AID ,Y2K,MEDICAL 16/09/2023 PURCHASE 030 BRI/R-1 04299 Books